000 00284nam a22001097a 4500
008 160518b xxu||||| |||| 00| 0 eng d
020 _a0130417424
041 _aeng
080 _a615
245 _aUnderstanding pharmacology for health professionals:
_cSusan M. Turley;
942 _2udc
_cBK
999 _c2168
_d2168